[Event "Rhein Main op-B 25th"]
[Site "Bad Homburg"]
[Date "2023.06.09"]
[Round "4"]
[White "Hensel, Roman"]
[Black "Stenger, Eberhard"]
[Result "1-0"]
[WhiteElo "847"]
[BlackElo "1475"]
[PlyCount "37"]
[EventDate "2023.06.07"]
[EventType "swiss"]
[EventRounds "7"]
[EventCountry "GER"]
[SourceTitle "CBM 215 Extra"]
[Source "ChessBase"]
[SourceDate "2023.09.30"]
[SourceVersion "1"]
[SourceVersionDate "2023.09.30"]
[SourceQuality "1"]

1. d4 d5 2. c4 c6 3. Nc3 Nf6 4. Nf3 e6 5. e3 Be7 6. Bd3 0-0 7. b3 Nbd7 8. 0-0 h6 9. Ne5 Qc7 10. f4 c5 11. Qf3 Nb6 12. g4 Qd8 13. g5 hxg5 14. fxg5 Ne4 15. Nxe4 dxe4 16. Bxe4 f5 17. g6 fxe4 18. Qh5 Rxf1+ 19. Kxf1 1-0